Statistiques concernant Buteurs français en Coupe du Monde

Cliquez ici pour prendre le quiz!

Statistiques générales

  • Ce quiz a été pris 479 fois
    (309 depuis la dernière actualisation)
  • Le résultat moyen est 24 sur 61

Statistiques - réponses

Nombre de butsClubNom du joueur% Correct
12Paris Saint-GermainKylian Mbappé
100%
4Atlético MadridAntoine Griezmann
97%
5Arsenal, AC MilanOlivier Giroud
95%
5Juventus, Real MadridZinédine Zidane
95%
6AS Monaco, ArsenalThierry Henry
94%
13Stade de ReimsJust Fontaine
90%
3Real MadridKarim Benzema
90%
2Juventus, Manchester UnitedPaul Pogba
86%
5AS Nancy-Lorraine, AS Saint-Étienne, JuventusMichel Platini
84%
1VfB StuttgartBenjamin Pavard
80%
1Real MadridRaphaël Varane
77%
2Parme ACLilian Thuram
74%
1FC BarceloneSamuel Umtiti
74%
2ArsenalEmmanuel Petit
70%
4Stade de Reims, Real MadridRaymond Kopa
67%
1Paris Saint-GermainBlaise Matuidi
65%
1AS MonacoDavid Trezeguet
65%
1Olympique de MarseilleLaurent Blanc
65%
1Olympique de MarseilleFranck Ribéry
64%
1AC MilanThéo Hernandez
62%
1Eintracht FrancfortRandal Kolo Muani
61%
2JuventusPatrick Vieira
53%
2FC BrugesJean-Pierre Papin
52%
1JuventusAdrien Rabiot
51%
1Real MadridAurélien Tchouaméni
51%
1Olympique de MarseilleMathieu Valbuena
49%
1Bayern MunichBixente Lizarazu
48%
1FC BarceloneChristophe Dugarry
47%
1Inter MilanYouri Djorkaeff
47%
1ChelseaFlorent Malouda
43%
3Girondins de BordeauxAlain Giresse
38%
4AS Saint-Étienne, Paris Saint-GermainDominique Rocheteau
35%
1Girondins de BordeauxMarius Trésor
34%
1Newcastle UnitedMoussa Sissoko
31%
1Girondins de BordeauxJean Tigana
28%
1Paris Saint-GermainLuis Fernandez
22%
2VfB StuttgartDidier Six
16%
1Olympique LyonnaisBernard Lacombe
13%
1AS MonacoManuel Amoros
12%
3FC Sochaux, Servette FCBernard Genghini
10%
1CA ParisLucien Laurent
10%
3Stade de ReimsRoger Piantoni
10%
1RC ParisMaxime Bossis
9%
3FC RouenJean Nicolas
8%
2Toulouse FCYannick Stopyra
8%
2Lille OSC, Stade de ReimsJean Vincent
7%
1AJ AuxerreJean-Marc Ferreri
5%
1Lille OSCGérard Soler
4%
2RC LensMaryan Wisniewski
3%
1Girondins de BordeauxRené Girard
3%
1AS MonacoAlain Couriol
2%
2FC SochauxAndré Maschinot
2%
1AS Saint-ÉtienneChristian Lopez
2%
1RC ParisÉmile Veinante
2%
1RC StrasbourgGérard Hausser
2%
1Olympique de MarseilleMarc Berdoll
2%
1RC RoubaixGeorges Verriest
1%
1Girondins de BordeauxHector De Bourgoing
1%
1RC StrasbourgOscar Heisserer
1%
1Lille OSCYvon Douis
1%
1Excelsior RoubaixMarcel Langiller
0%

Distribution des résultats

Percentile par nombre de réponses

% des personnes avec chaque résultat

Votre développement - résultats

Vous n’avez pas pris ce quiz depuis la dernière actualisation